LA RESURRECCION DE CRISTO: NUESTRA RESURRECCION EN LA MUERTE

Guardado en:
Detalles Bibliográficos
Autor principal: Boff, Leonardo (autor)
Formato: Libro
Colección:(Alcance ; 17)
Etiquetas: Agrega una etiqueta
Sin etiquetas, Sé el primero en etiquetar este registro!

MARC

LEADER 00000nam^a2200000^a^4500
001 000213613
005 20260624000000.0
009 20260625164929.854
035 |a 035987 
037 |a Acervo Xavier Clavigero 
082 |a 237.  |b BOF 
100 |a Boff, Leonardo  |e (autor) 
245 1 3 |a LA RESURRECCION DE CRISTO:  |b NUESTRA RESURRECCION EN LA MUERTE 
264 |a BILBAO :  |b SAL TERRAE,  |c 1980 
300 |a 168p. 
336 |a texto  |b txt  |2 rdacontenido 
337 |a sin mediación  |b n  |2 rdamedio 
338 |a volumen  |b nc  |2 rdasoporte 
440 |a (Alcance ;  |v 17) 
649 |a XX 
910 |a Fondo General 
920 |a Impresos - Libros 
930 |a Colección General 
905 |a 101 
901 |a 035987  |b IT1  |c ACC  |i 035987  |u 20260624 
902 |a https://opac.biblio.iteso.mx/vufind/Record/000213613